Personnages de La Casa de Papel - Mort subite - Statistiques

Statistiques générales
  • Ce quiz a été pris 575 fois
    564 depuis la dernière actualisation
  • Le résultat moyen est 11 sur 13
Answers on the Grid
Answers color-coded by a green-red scale on the quiz's grid according to % correct below.
Berlin
Tokyo
Denver
Moscou
Helsinki
Nairobi
Rio
Oslo
Raquel
Angel
Arturo
Monica
Pékin
Lyon
Florence
Copenhague
Madrid
Panama
Prague
Vienne
Sofia
Riga
Séoul
Catalina
 
Statistiques - réponses
Réponse % Correct
Tokyo
92%
Berlin
91%
Helsinki
91%
Moscou
91%
Nairobi
89%
Oslo
88%
Rio
88%
Denver
86%
Raquel
83%
Arturo
81%
Monica
77%
Angel
59%
Sofia
40%
Aucun quiz correspondant
Distribution des résultats
% des personnes avec chaque résultat
Percentile par nombre de réponses
Votre historique - résultats
Vous n’avez pas pris ce quiz depuis la dernière actualisation